Central Library OPAC University of Rajshahi

একাত্তরের মার্চের অসহযোগ আন্দোলন : (Record no. 79273)

MARC details
000 -LEADER
fixed length control field 01833nam a2200289 a 4500
001 - CONTROL NUMBER
RUCL Control Number 79273
003 - CONTROL NUMBER IDENTIFIER
rucl marc code BD-RjUL
005 - DATE AND TIME OF LATEST TRANSACTION
control field 20220131105406.0
008 - FIXED-LENGTH DATA ELEMENTS--GENERAL INFORMATION
fixed length control field 220130s2018 bg a|||| m||| 00| 0 ben d
035 ## - SYSTEM CONTROL NUMBER
system control number (BD-RjUL)79273
040 ## - CATALOGING SOURCE
Original cataloging agency BD-RjUL
Language of cataloging ben / eng
Transcribing agency BD-RjUL
Modifying agency BD-RjUL
041 ## - LANGUAGE CODE
Language code of Book ben
082 ## - DEWEY DECIMAL CLASSIFICATION NUMBER
Classification number 954.9205
Author mark and Year KHA 2018
DDC Edition number 23
100 ## - MAIN ENTRY--PERSONAL NAME
Personal name খানম, হোসনে আরা
9 (RLIN) 965
245 ## - TITLE STATEMENT
Title একাত্তরের মার্চের অসহযোগ আন্দোলন :
Remainder of title জেলা ভিত্তিক একটি সমীক্ষা /
Statement of responsibility, etc হোসনে আরা খানম
Name of Supervisor/Co-Supervisor তত্ত্বাবধায়ক : মো. মাহবুবুর রহমান ; সহ-তত্ত্বাবধায়ক : চিত্তরঞ্জন মিশ্র
246 ## - VARYING FORM OF TITLE
Title proper/short title Non-cooperation movement of March 1971 :
Remainder of title A District wise study
260 ## - PUBLICATION, DISTRIBUTION, ETC. (IMPRINT)
Place of publication, distribution, etc রাজশাহী :
Name of publisher, distributor, etc ইতিহাস বিভাগ, রাজশাহী বিশ্ববিদ্যালয়,
Date of publication, distribution, etc ২০১৮
300 ## - PHYSICAL DESCRIPTION
Pagination xiii, ৫৭৬ পাতা :
Other physical details চিত্র ;
Dimensions ২৯ সেমি.
502 ## - DISSERTATION NOTE
Dissertation note থিসিস (পিএইচ. ডি.) -- ইতিহাস বিভাগ, রাজশাহী বিশ্ববিদ্যালয়, ২০১৮
504 ## - BIBLIOGRAPHY, ETC. NOTE
Bibliography, etc গ্রন্থপঞ্জি : পাতা ৫৩৬ - ৫৬৮
650 ## - SUBJECT ADDED ENTRY--TOPICAL TERM
Source of heading or term
651 ## - SUBJECT ADDED ENTRY--GEOGRAPHIC NAME
Geographic name বাংলাদেশ
General subdivision ইতিহাস
Chronological subdivision মুক্তিযুদ্ধ, ১৯৭১
9 (RLIN) 968
Geographic name Bangladesh
General subdivision History
Chronological subdivision Liberation War, 1971
9 (RLIN) 969
700 ## - ADDED ENTRY--SUPERVISOR/CO-SUPERVISOR NAME
Personal name রহমান, মো. মাহবুবুর, তত্ত্বাবধায়ক
9 (RLIN) 970
Personal name মিশ্র, চিত্তরঞ্জন, সহ-তত্ত্বাবধায়ক
9 (RLIN) 971
942 ## - ADDED ENTRY ELEMENTS (KOHA)
Source of classification or shelving scheme Dewey Decimal Classification
Koha item type Theses
Holdings
Source of classification or shelving scheme Damaged status Not for loan Collection code Permanent Location Current Location Shelving location Date of accession Source of acquisition Full call number Barcode Date last seen Copy number Thesis
Dewey Decimal Classification   Not For Loan Theses Central Library, University of Rajshahi Central Library, University of Rajshahi Documentation Section 05/05/2019 Controller of Exam., R.U. BTHE 954.9205 KHA 2018 D4300 30/01/2022 C-1 Theses